ბათუმის შოთა რუსთაველის სახელმწიფო უნივერსიტეტის ბიბლიოთეკა

Вокруг света №1 2017. (ბიბ.ჩანაწერი № 52375)

000 -LEADER
fixed length control field 00693nam a2200217Ia 4500
001 - CONTROL NUMBER
control field 19395
003 - CONTROL NUMBER IDENTIFIER
control field GE_BSU
008 - FIXED-LENGTH DATA ELEMENTS--GENERAL INFORMATION
fixed length control field 181216s||||||||xx |||||||||||||| ||und||
040 ## - CATALOGING SOURCE
Transcribing agency GE_BSU
245 ## - TITLE STATEMENT
Title Вокруг света №1 2017.
245 ## - TITLE STATEMENT
Remainder of title журнал русского географического общества
245 ## - TITLE STATEMENT
Statement of responsibility, etc. Гл.ред. С. Апресов
260 ## - PUBLICATION, DISTRIBUTION, ETC.
Place of publication, distribution, etc. Москва
260 ## - PUBLICATION, DISTRIBUTION, ETC.
Date of publication, distribution, etc. 2017
300 ## - PHYSICAL DESCRIPTION
Extent 128 стр. 29см.
653 ## - INDEX TERM--UNCONTROLLED
Uncontrolled term Вокруг света. №1 2017.
653 ## - INDEX TERM--UNCONTROLLED
Uncontrolled term журнал русского географического общества
653 ## - INDEX TERM--UNCONTROLLED
Uncontrolled term Периодика
653 ## - INDEX TERM--UNCONTROLLED
Uncontrolled term პერიოდიკა
942 ## - ADDED ENTRY ELEMENTS (KOHA)
Koha item type პერიოდიკა
ეგზემპლარები
Withdrawn status Lost status Damaged status Not for loan Date acquired Barcode Date last seen Price effective from Koha item type
        2018-12-17 р 78117 2018-12-17 2018-12-17 პერიოდიკა